| 000 | 00403nam a2200157Ia 4500 | ||
|---|---|---|---|
| 008 | 221030s9999 xx 000 0 und d | ||
| 020 | _a007451587X | ||
| 041 | _aEnglish | ||
| 082 |
_a105.23 _bDho |
||
| 100 | _aP. S. Dhogal | ||
| 245 | 0 |
_aBasic Electrical Engineering With Numerical Problems Vol. II _cby P. S. Dhogal |
|
| 260 |
_bTMH _aNew Delhi _c1997 |
||
| 300 | _a466 | ||
| 650 | _aEE | ||
| 942 | _cBK | ||
| 999 |
_c4776 _d4776 |
||